<?xml version="1.0" encoding="UTF-8"?>
<record
    xmlns:xsi="http://www.w3.org/2001/XMLSchema-instance"
    xsi:schemaLocation="http://www.loc.gov/MARC21/slim http://www.loc.gov/standards/marcxml/schema/MARC21slim.xsd"
    xmlns="http://www.loc.gov/MARC21/slim">

  <leader>00160nam a2200061Ia 4500</leader>
  <controlfield tag="008">170627s9999    xx            000 0 und d</controlfield>
  <datafield tag="100" ind1=" " ind2=" ">
    <subfield code="a">RAMBAUGH-JAMES</subfield>
  </datafield>
  <datafield tag="245" ind1=" " ind2="0">
    <subfield code="a">OBJECT-ORIENTED MODELING &amp; DESIGN</subfield>
  </datafield>
  <datafield tag="999" ind1=" " ind2=" ">
    <subfield code="c">34981</subfield>
    <subfield code="d">34981</subfield>
  </datafield>
  <datafield tag="952" ind1=" " ind2=" ">
    <subfield code="0">0</subfield>
    <subfield code="1">0</subfield>
    <subfield code="2">ddc</subfield>
    <subfield code="4">0</subfield>
    <subfield code="7">0</subfield>
    <subfield code="a">22</subfield>
    <subfield code="b">22</subfield>
    <subfield code="d">2017-06-27</subfield>
    <subfield code="l">0</subfield>
    <subfield code="p">22-B-643</subfield>
    <subfield code="r">2017-06-27</subfield>
    <subfield code="w">2017-06-27</subfield>
    <subfield code="y">02</subfield>
  </datafield>
  <datafield tag="952" ind1=" " ind2=" ">
    <subfield code="0">0</subfield>
    <subfield code="1">0</subfield>
    <subfield code="2">ddc</subfield>
    <subfield code="4">0</subfield>
    <subfield code="7">0</subfield>
    <subfield code="a">22</subfield>
    <subfield code="b">22</subfield>
    <subfield code="d">2017-06-27</subfield>
    <subfield code="l">0</subfield>
    <subfield code="p">22-B-644</subfield>
    <subfield code="r">2017-06-27</subfield>
    <subfield code="w">2017-06-27</subfield>
    <subfield code="y">02</subfield>
  </datafield>
  <datafield tag="952" ind1=" " ind2=" ">
    <subfield code="0">0</subfield>
    <subfield code="1">0</subfield>
    <subfield code="2">ddc</subfield>
    <subfield code="4">0</subfield>
    <subfield code="7">0</subfield>
    <subfield code="a">22</subfield>
    <subfield code="b">22</subfield>
    <subfield code="d">2017-06-27</subfield>
    <subfield code="l">0</subfield>
    <subfield code="p">22-B-645</subfield>
    <subfield code="r">2017-06-27</subfield>
    <subfield code="w">2017-06-27</subfield>
    <subfield code="y">02</subfield>
  </datafield>
  <datafield tag="952" ind1=" " ind2=" ">
    <subfield code="0">0</subfield>
    <subfield code="1">0</subfield>
    <subfield code="2">ddc</subfield>
    <subfield code="4">0</subfield>
    <subfield code="7">0</subfield>
    <subfield code="a">22</subfield>
    <subfield code="b">22</subfield>
    <subfield code="d">2017-06-27</subfield>
    <subfield code="l">1</subfield>
    <subfield code="p">22-B-646</subfield>
    <subfield code="r">2022-04-26</subfield>
    <subfield code="s">2021-12-23</subfield>
    <subfield code="w">2017-06-27</subfield>
    <subfield code="y">02</subfield>
  </datafield>
  <datafield tag="952" ind1=" " ind2=" ">
    <subfield code="0">0</subfield>
    <subfield code="1">0</subfield>
    <subfield code="2">ddc</subfield>
    <subfield code="4">0</subfield>
    <subfield code="7">0</subfield>
    <subfield code="a">22</subfield>
    <subfield code="b">22</subfield>
    <subfield code="d">2017-06-27</subfield>
    <subfield code="l">1</subfield>
    <subfield code="p">22-B-647</subfield>
    <subfield code="r">2022-04-26</subfield>
    <subfield code="s">2021-12-07</subfield>
    <subfield code="w">2017-06-27</subfield>
    <subfield code="y">02</subfield>
  </datafield>
  <datafield tag="952" ind1=" " ind2=" ">
    <subfield code="0">0</subfield>
    <subfield code="1">0</subfield>
    <subfield code="2">ddc</subfield>
    <subfield code="4">0</subfield>
    <subfield code="7">0</subfield>
    <subfield code="a">22</subfield>
    <subfield code="b">22</subfield>
    <subfield code="d">2017-06-27</subfield>
    <subfield code="l">0</subfield>
    <subfield code="p">22-B-648</subfield>
    <subfield code="r">2017-06-27</subfield>
    <subfield code="w">2017-06-27</subfield>
    <subfield code="y">02</subfield>
  </datafield>
  <datafield tag="952" ind1=" " ind2=" ">
    <subfield code="0">0</subfield>
    <subfield code="1">0</subfield>
    <subfield code="2">ddc</subfield>
    <subfield code="4">0</subfield>
    <subfield code="7">0</subfield>
    <subfield code="a">22</subfield>
    <subfield code="b">22</subfield>
    <subfield code="d">2017-06-27</subfield>
    <subfield code="l">1</subfield>
    <subfield code="p">22-B-649</subfield>
    <subfield code="r">2021-12-08</subfield>
    <subfield code="s">2021-12-07</subfield>
    <subfield code="w">2017-06-27</subfield>
    <subfield code="y">02</subfield>
  </datafield>
  <datafield tag="952" ind1=" " ind2=" ">
    <subfield code="0">0</subfield>
    <subfield code="1">0</subfield>
    <subfield code="2">ddc</subfield>
    <subfield code="4">0</subfield>
    <subfield code="7">0</subfield>
    <subfield code="a">22</subfield>
    <subfield code="b">22</subfield>
    <subfield code="d">2017-06-27</subfield>
    <subfield code="l">1</subfield>
    <subfield code="p">22-B-650</subfield>
    <subfield code="r">2021-12-16</subfield>
    <subfield code="s">2021-12-07</subfield>
    <subfield code="w">2017-06-27</subfield>
    <subfield code="y">02</subfield>
  </datafield>
  <datafield tag="952" ind1=" " ind2=" ">
    <subfield code="0">0</subfield>
    <subfield code="1">0</subfield>
    <subfield code="2">ddc</subfield>
    <subfield code="4">0</subfield>
    <subfield code="7">0</subfield>
    <subfield code="a">22</subfield>
    <subfield code="b">22</subfield>
    <subfield code="d">2017-06-27</subfield>
    <subfield code="l">0</subfield>
    <subfield code="p">22-B-651</subfield>
    <subfield code="r">2017-06-27</subfield>
    <subfield code="w">2017-06-27</subfield>
    <subfield code="y">02</subfield>
  </datafield>
  <datafield tag="952" ind1=" " ind2=" ">
    <subfield code="0">0</subfield>
    <subfield code="1">0</subfield>
    <subfield code="2">ddc</subfield>
    <subfield code="4">0</subfield>
    <subfield code="7">0</subfield>
    <subfield code="a">22</subfield>
    <subfield code="b">22</subfield>
    <subfield code="d">2017-06-27</subfield>
    <subfield code="l">0</subfield>
    <subfield code="p">22-B-652</subfield>
    <subfield code="r">2017-06-27</subfield>
    <subfield code="w">2017-06-27</subfield>
    <subfield code="y">02</subfield>
  </datafield>
  <datafield tag="952" ind1=" " ind2=" ">
    <subfield code="0">0</subfield>
    <subfield code="1">0</subfield>
    <subfield code="2">ddc</subfield>
    <subfield code="4">0</subfield>
    <subfield code="7">0</subfield>
    <subfield code="a">22</subfield>
    <subfield code="b">22</subfield>
    <subfield code="d">2017-06-27</subfield>
    <subfield code="l">0</subfield>
    <subfield code="p">22-B-791</subfield>
    <subfield code="r">2017-06-27</subfield>
    <subfield code="w">2017-06-27</subfield>
    <subfield code="y">02</subfield>
  </datafield>
  <datafield tag="952" ind1=" " ind2=" ">
    <subfield code="0">0</subfield>
    <subfield code="1">0</subfield>
    <subfield code="2">ddc</subfield>
    <subfield code="4">0</subfield>
    <subfield code="7">0</subfield>
    <subfield code="a">22</subfield>
    <subfield code="b">22</subfield>
    <subfield code="d">2017-06-27</subfield>
    <subfield code="l">0</subfield>
    <subfield code="p">22-B-792</subfield>
    <subfield code="r">2017-06-27</subfield>
    <subfield code="w">2017-06-27</subfield>
    <subfield code="y">02</subfield>
  </datafield>
  <datafield tag="952" ind1=" " ind2=" ">
    <subfield code="0">0</subfield>
    <subfield code="1">0</subfield>
    <subfield code="2">ddc</subfield>
    <subfield code="4">0</subfield>
    <subfield code="7">0</subfield>
    <subfield code="a">22</subfield>
    <subfield code="b">22</subfield>
    <subfield code="d">2017-06-27</subfield>
    <subfield code="l">0</subfield>
    <subfield code="p">22-B-793</subfield>
    <subfield code="r">2017-06-27</subfield>
    <subfield code="w">2017-06-27</subfield>
    <subfield code="y">02</subfield>
  </datafield>
  <datafield tag="952" ind1=" " ind2=" ">
    <subfield code="0">0</subfield>
    <subfield code="1">0</subfield>
    <subfield code="2">ddc</subfield>
    <subfield code="4">0</subfield>
    <subfield code="7">0</subfield>
    <subfield code="a">22</subfield>
    <subfield code="b">22</subfield>
    <subfield code="d">2017-06-27</subfield>
    <subfield code="l">0</subfield>
    <subfield code="p">22-B-794</subfield>
    <subfield code="r">2017-06-27</subfield>
    <subfield code="w">2017-06-27</subfield>
    <subfield code="y">02</subfield>
  </datafield>
  <datafield tag="952" ind1=" " ind2=" ">
    <subfield code="0">0</subfield>
    <subfield code="1">0</subfield>
    <subfield code="2">ddc</subfield>
    <subfield code="4">0</subfield>
    <subfield code="7">0</subfield>
    <subfield code="a">22</subfield>
    <subfield code="b">22</subfield>
    <subfield code="d">2017-06-27</subfield>
    <subfield code="l">0</subfield>
    <subfield code="p">22-B-795</subfield>
    <subfield code="r">2017-06-27</subfield>
    <subfield code="w">2017-06-27</subfield>
    <subfield code="y">02</subfield>
  </datafield>
</record>
